Normal view
MARC view
Entry Topical Term
001 - CONTROL NUMBER
- control field: 10679
003 - CONTROL NUMBER IDENTIFIER
- control field: BD-RjUL
005 - DATE AND TIME OF LATEST TRANSACTION
- control field: 20231224151058.0
008 - FIXED-LENGTH DATA ELEMENTS
- fixed length control field: 231224|| aca||aabn | a|a d
040 ## - CATALOGING SOURCE
- Original cataloging agency: BD-RjUL
- Transcribing agency: BD-RjUL
150 ## - HEADING--TOPICAL TERM
- Topical term or geographic name entry element: Psychology
- General subdivision: Histoiry
670 ## - SOURCE DATA FOUND
- Source citation: Work cat.: (BD-RjUL)82532: Siyāsī, ʻAlī Akbar ;; سياسى٫ على اكبر 1896-1990 10677, علم النفس ابن سينا : / ʻIlm al-nafs-i Ibn Sīnā , [1954] ١٣٣٣ [ش].